000 01250nam a2200313 i 4500
003 EG-GICUC
005 20260129212442.0
008 260129s1955 ua ad||f |||| 00| 0 ara d
040 _a EG-GICUC
_bara
_c EG-GICUC
_d EG-GICUC
_erda
041 _aara
082 0 4 _221
_a345.69313
_bع ب . ن
092 0 4 _221
099 _aLaw1 07 345.69313 ع ب . ن 1955
100 0 _aعبد الفتاح ساير داير
_eمؤلف.
245 1 0 _aنظرية أعمال السيادة :
_bدراسة مقارنة في القانونين المصري والفرنسي /
_cدكتور عبد الفتاح ساير داير .
264 3 _aالقاهرة :
_bمطبعة جامعة القاهرة ،
_c1955 .
300 _a829 ؛ صفحة
_bإيضاحيات، جداول ؛
_c24 سم
336 _2rda content
_atext
337 _2rda media
_aComputer
338 _2rda carrier
_aOnline Resource
504 _a. 829-805 ببليوجرافيا: صفحات.
504 _aيشتمل على إرجاعات ببليوجرافية
650 1 4 _aأعمال السيادة
_2qrmak
650 1 4 _aالقانون الإداري
_2qrmak
651 1 _2qrmak
856 4 0 _uhttps://fll.law.cu.edu.eg/fulltext/bks/B07-02369.pdf
905 _a61
942 _2ddc
_cBK
_e21
_n0
999 _c60077
_d60077